| 000 | 00578nam a22002057a 4500 | ||
|---|---|---|---|
| 003 | DEla salle | ||
| 005 | 20140310183002.0 | ||
| 008 | 130209t xxu||||| |||| 00| 0 eng d | ||
| 020 | _a9789710445752 | ||
| 050 |
_aQA76.9 _b.R449 2010 |
||
| 082 |
_aCS-FIL 001.2 _bR449 2010 |
||
| 245 |
_aComputer system organization with assembly language _cRevano, Teodoro F. |
||
| 260 |
_aManila : _bMindshapers, _cc2010 |
||
| 300 |
_av, 186 p. : ill. _c26 cm. |
||
| 521 | _acollege students | ||
| 526 | _c1210L-1700L | ||
| 541 | _j1 | ||
| 562 | _e1 | ||
| 942 |
_2lcc _cBK _kMC-FIL |
||
| 999 |
_c18136 _d18136 |
||